| 000 | 01300nam0a2200325 4500 | ||
|---|---|---|---|
| 001 | RU\NLR\BIBL_A\022603517 | ||
| 005 | 20260420052229.0 | ||
| 010 |
_a978-5-04-214310-6 _93000 |
||
| 021 |
_aRU _bКН-П-25-034785 _9КН-П-25-3432 |
||
| 035 | _a(NLR Aleph) 022603517 | ||
| 090 |
_a13682029 _c13682029 |
||
| 100 | _a20250818d2025 u y0rusy50 ca | ||
| 101 | 1 |
_arus _ceng |
|
| 102 | _aRU | ||
| 105 | _ay z 000yy | ||
| 181 | 0 |
_ai _baxxe |
|
| 182 | 0 | _an | |
| 200 | 1 |
_aЗахотел, представил, получил _eпрактический курс визуализации желаний _fШакти Гавэйн _g[перевод с английского А. Симагиной] |
|
| 203 |
_aТекст _bвизуальный _cнепосредственный |
||
| 210 |
_aМосква _cЭксмо, Бомбора _d2025 |
||
| 215 |
_a251, [2] с. _d18 |
||
| 225 | 1 |
_aКниги, о которых говорят _iВдохновляюще |
|
| 333 | _a16+ | ||
| 606 | 1 |
_aПсихоэнергетика _jПопулярные издания _92099156 _3RU\NLR\AUTH\661269768 |
|
| 686 | 1 | _aЮ969я9 | |
| 700 | 1 |
_7ca _8rus _aГавэйн _bШ. _gШакти _9119529 _3RU\NLR\AUTH\779718 |
|
| 942 | _cBOOK | ||
| 980 | _aNB | ||